Statistics for Top 5 Safest Countries for LGBTQ

Click here to take the quiz!

General Stats

  • This quiz has been taken 122 times
  • The average score is 14 of 30

Answer Stats

Index NumberCountry% Correct
82/100United States Of America
93%
90/100Canada
91%
86/100Norway
84%
84/100Australia
81%
85/100Germany
76%
78/100New Zealand
74%
90/100Iceland
73%
86/100Denmark
71%
74/100Mexico
66%
82/100Brazil
64%
69/100Japan
62%
82/100Argentina
59%
79/100Colombia
49%
76/100South Africa
48%
86/100Uruguay
45%
66/100Taiwan
37%
69/100Ecuador
36%
63/100India
36%
81/100Cuba
34%
80/100Fiji
32%
69/100Israel
32%
68/100Palau
17%
71/100Vanuatu
15%
69/100Nepal
14%
85/100Andorra
13%
69/100Cape Verde
13%
68/100Seychelles
13%
98/100Greenland
11%
62/100Angola
10%
64/100Equatorial Guinea
4%

Score Distribution

Percentile by Number Answered

Percent of People with Each Score

Your Score History

You have not taken this quiz